000 00538nam a2200181Ia 4500
999 _c3726
_d3726
003 OSt
005 20200820112326.0
008 190216s9999||||xx |||||||||||||| ||und||
020 _a9788189874162
040 _coclc
082 _a541.3
_bCHA/P
100 _aChatterjee, Hrishikesh
_94226
245 0 _aPhysical Chemistry Problems & Solutions /
_cHrishikesh Chatterjee
260 _bPlatinum Publishers,
_c2013.
_aKolkata:
300 _a408p
650 _aChemistry
942 _cBK
_2ddc
_h541.3
_iCHA/P
_k541.3
_mCHA/P